Score 0/39 Timer 08:00
1 Play Today
% Correct
The Silence of the Lambs (1991)
97.8%
Million Dollar Baby (2004)
90.1%
Gone with the Wind (1939)
85%
Ben-Hur (1959)
83.8%
Dallas Buyers Club (2013)
82.9%
Kramer vs. Kramer (1979)
82.5%
One Flew Over the Cuckoo's Nest (1975)
77.1%
On the Waterfront (1954)
75.8%
On Golden Pond (1981)
75%
West Side Story (1961)
73.5%
Cabaret (1972)
73.2%
As Good as It Gets (1997)
72.8%
Moonstruck (1987)
66.1%
The Piano (1993)
66%
Shakespeare in Love (1998)
65.5%
My Left Foot (1989)
63.9%
Mystic River (2003)
60.3%
Network (1976)
56.5%
Terms of Endearment (1983)
56.2%
The Miracle Worker (1962)
56.2%
% Correct
Three Billboards Outside Ebbing, Missouri (2017)
55.3%
The Fighter (2010)
54.2%
It Happened One Night (1934)
47.2%
Coming Home (1978)
42.9%
Who's Afraid of Virginia Woolf? (1966)
39.8%
A Streetcar Named Desire (1951)
38.4%
Hannah and Her Sisters (1986)
37.3%
From Here to Eternity (1953)
34.8%
Going My Way (1944)
30.7%
The Last Picture Show (1971)
27.1%
Hud (1963)
25.5%
The Best Years of Our Lives (1946)
24.4%
Mrs. Miniver (1942)
23.1%
Elmer Gantry (1960)
21.6%
Jezebel (1938)
21.2%
Julia (1977)
20.8%
Sayonara (1957)
16.9%
All the King's Men (1949)
15.1%
Separate Tables (1958)
12.3%
Come Together.
Have Fun.
All Virtual.
We all need to come together. Play Sporcle's virtual live trivia to have fun, connect with people, and get your trivia on. Join a live hosted trivia game for your favorite pub trivia experience done virtually. If a virtual private party is more your thing, go here for details.

You're not logged in!

Compare scores with friends on all Sporcle quizzes.
OR
Log In

Sporcle TV

Today on Sporcle TV


Watch our educational content, quiz creation guides, and fun videos on Sporcle TV.

Show Comments

Extras

Top Quizzes Today


Score Distribution

Paid Content

Your Account Isn't Verified!

In order to create a playlist on Sporcle, you need to verify the email address you used during registration. Go to your Sporcle Settings to finish the process.

Report this User

Report this user for behavior that violates our Community Guidelines.

Details: